Seminario-taller : el museo como instancia educadora.

Uloženo v:
Podrobná bibliografie
Korporace: Seminario-taller el museo como instancia educadora, México. Presidencia de la República Secretaría de Educación Pública.Subsecrataría de Educación Superior e Investigación Científica
Médium: Konferenční příspěvek Kniha
Jazyk:španělština
Témata:
Tagy: Přidat tag
Žádné tagy, Buďte první, kdo vytvoří štítek k tomuto záznamu!

MARC

LEADER 00000cam^a2200000uu^4500
001 000469052
005 20250521000000.0
008 050901s1988^^^^^^^^^^^^rd^r^1000^0^spa^d
009 20260310124527.14
035 |a FCE 000011798 
035 |a FCE 007976 
037 |a Acervo ITESO - Biblioteca 
041 |a spa 
082 0 4 |a 370.118  |b SEPs 
111 |a Seminario-taller :  |e el museo como instancia educadora 
245 1 0 |a Seminario-taller :  |b el museo como instancia educadora. 
264 |a México :  |b SEP,  |c 1988. 
300 |a 170 p. 
336 |a texto  |b txt  |2 rdacontenido 
337 |a sin mediación  |b n  |2 rdamedio 
338 |a volumen  |b nc  |2 rdasoporte 
611 4 |a Seminario 
649 |a XX 
650 |a Educación del niño 
650 |a Cultura 
650 |a Experiencia educativa 
650 |a Niño 
650 |a Museos 
710 |a México. Presidencia de la República  |b Secretaría de Educación Pública.Subsecrataría de Educación Superior e Investigación Científica 
910 |a Fondo Centro de Estudios Educativos 
920 |a Impresos - Libros 
930 |a Fondos Especiales 
905 |a 133 
901 |a ALE007976  |b IT2  |c CEE  |u 20250521 
901 |a ALE041047  |b IT2  |c CEE  |u 20250521 
901 |a ALE041048  |b IT2  |c CEE  |u 20250521 
902 |a https://opac.biblio.iteso.mx/vufind/Record/000469052